000 00686nam a22002057a 4500
999 _c14195
_d14195
003 AR-CdUCM
008 190422b ||||| |||| 00| 0 spa d
040 _aMUNICIPALIDAD PROVINCIAL DEL CUSCO
_cBIBLIOTECA MUNICIPAL DEL CUSCO
082 _a985 /
_bR35
110 _aCorte Suprema de Justicia de la República
_932871
245 _aReglamento del articulo 10° del decreto - ley N° 21773 /
260 _aLima :
_bOffset SESATOR,
_c1977.
300 _a8 paginas ;
_bCuadros,
_c20 cm.
505 _aContenido : Reglamento
650 _aEstado peruano
_910135
650 _aCorte Suprema
_931845
650 _aArticulo
_932872
942 _2ddc
_cFOLLETOS
945 _awnts
_d2019-04-22